Statystyki dla Polskie miasta na literę B

Kliknij tutaj aby rozwiązać quiz!

Ogólne statystyki

  • Ten quiz został rozwiązany 439 razy
  • Średni wynik to 5 z 7

Statystyki odpowiedzi

WojewództwoMiasto% Poprawnych
Kujawsko-pomorskieBydgoszcz
90%
PodlaskieBiałystok
87%
ŚląskieBytom
78%
ŚląskieBielsko-Biała
75%
ŁódzkieBełchatów
54%
LubelskieBiała Podlaska
54%
ŚląskieBędzin
42%

Rozkład punktacji

Percentyl według liczby udzielonych odpowiedzi

Procent ludzi z każdym wynikiem

Twoja historia wyników

Nie rozwiązałeś tego quizu